Aquaculturae Engineering (Record no. 2942)

MARC details
000 -LEADER
fixed length control field 00268nam a22001217a 4500
041 ## - LANGUAGE CODE
Language code of text/sound track or separate title ENG
100 ## - MAIN ENTRY--PERSONAL NAME
Personal name Bose.A.N
245 ## - TITLE STATEMENT
Title Aquaculturae Engineering
260 ## - PUBLICATION, DISTRIBUTION, ETC. (IMPRINT)
Place of publication, distribution, etc New Delhi
Name of publisher, distributor, etc Oxford &Ibh Pub
Date of publication, distribution, etc 1998
300 ## - PHYSICAL DESCRIPTION
Extent 365
650 ## - SUBJECT ADDED ENTRY--TOPICAL TERM
Topical term or geographic name as entry element SWCE ( 06 )
856 ## - ELECTRONIC LOCATION AND ACCESS
Uniform Resource Identifier SWCE ( 06 )
Holdings
Withdrawn status Lost status Source of classification or shelving scheme Damaged status Not for loan Home library Current library Shelving location Date acquired Total Checkouts Barcode Date last seen Date checked out Price effective from Koha item type
    Dewey Decimal Classification     College of Agricultural Engineering and Technology, Dapoli , Library College of Agricultural Engineering and Technology, Dapoli , Library Book Cart 14/12/2021 1 Z00139 18/07/2025 17/07/2025 14/12/2021 Books

Contact Us: College of Agricultural Engineering and Technology, Dapoli, Dist.- Ratnagiri
Website: https://dbskkv.org Email: caetlibrary2015@gmail.com